Ambulant infusion therapy of ischemic lower limb defects by means of Alprostadilom (Prostavasín) in annual subscriptions

Salvato in:
Dettagli Bibliografici
Autore principale: Frič, Miloslav
Altri autori: Jurga, Rastislav
Natura: Capitolo di libro
Lingua:inglese
Soggetti:
Tags: Aggiungi Tag
Nessun Tag, puoi essere il primo ad aggiungerne!!

MARC

LEADER 00000naa$a2200000$$$4500
001 0166131
005 20240502083407.0
041 0 |a eng 
044 |a IT 
245 1 0 |a Ambulant infusion therapy of ischemic lower limb defects by means of Alprostadilom (Prostavasín) in annual subscriptions  |c Miloslav Frič, Rastislav Jurga 
610 2 0 |a medicína 
610 2 0 |a angiológia 
610 2 0 |a liečenie ambulantné 
100 1 |a Frič, Miloslav 
700 1 |a Jurga, Rastislav